Statistics for Football players starting with the letter A

Click here to take the quiz!

General Stats

  • This quiz has been taken 110 times
  • The average score is 11 of 16

Answer Stats

Answer% Correct
Alisson
92%
Antony
86%
Trent Alexander-Arnold
86%
Jordi Alba
83%
Marco Asensio
83%
David Alaba
82%
Sergio Agüero
77%
César Azpilicueta
68%
Manuel Akanji
63%
Nathan Aké
60%
Karim Adeyemi
59%
Toby Alderweireld
57%
Adebayo Akinfenwa
54%
Emmanuel Adebayor
51%
Vincent Aboubakar
50%
Marc Albrighton
42%

Score Distribution

Percentile by Number Answered

Percent of People with Each Score

Your Score History

You have not taken this quiz